Whitecaps Players 2025 - Statistics

General Stats
  • This quiz has been taken 59 times
    5 since last reset
  • The average score is 25 of 35
Answer Stats
Answer Players Info % Correct
Brian White 24 | ๐Ÿ‡บ๐Ÿ‡ธ | ST
100%
Emmanuel Sabbi 11 | ๐Ÿ‡บ๐Ÿ‡ธ | LW
100%
Isaac Boehmer 32 | ๐Ÿ‡จ๐Ÿ‡ฆ | GK
100%
Mathias Laborda 2 | ๐Ÿ‡บ๐Ÿ‡พ | CB
100%
Ryan Gauld 25 | ๐Ÿด๓ ง๓ ข๓ ณ๓ ฃ๓ ด๓ ฟ | CAM
100%
Thomas Mรผller 13 | ๐Ÿ‡ฉ๐Ÿ‡ช | CAM
100%
Tristan Blackmon 33 | ๐Ÿ‡บ๐Ÿ‡ธ | CB
100%
Yohei Takaoka 1 | ๐Ÿ‡ฏ๐Ÿ‡ต | GK
100%
Adrian Zendejas 30 | ๐Ÿ‡บ๐Ÿ‡ธ | GK
75%
Andres Cubas 20 | ๐Ÿ‡ต๐Ÿ‡พ | CDM
75%
Belal Halbouni 12 | ๐Ÿ‡ธ๐Ÿ‡พ | CB
75%
Edier Ocampo 18 | ๐Ÿ‡จ๐Ÿ‡ด | LB
75%
Giuseppe Bovalina 27 | ๐Ÿ‡ฆ๐Ÿ‡บ | RM
75%
J.C Ngando 26 | ๐Ÿ‡จ๐Ÿ‡ฒ | CM
75%
Jeevan Badwal 59 | ๐Ÿ‡จ๐Ÿ‡ฆ | CM
75%
Jesper Sorensen Whitecaps Coach | ๐Ÿ‡ฉ๐Ÿ‡ฐ
75%
Joedrick Pupe 23 | ๐Ÿ‡ง๐Ÿ‡ช | CB
75%
Kenji Cabrera 17 | ๐Ÿ‡ต๐Ÿ‡ช | CAM
75%
Liam Mackenzie 97 | ๐Ÿ‡จ๐Ÿ‡ฆ | CAM
75%
Michael Dโ€™Agostino Whitecaps Assistant Coach | ๐Ÿ‡จ๐Ÿ‡ฆ๐Ÿ‡ฎ๐Ÿ‡น
75%
Mihail Gherasimencov 54 | ๐Ÿ‡ฒ๐Ÿ‡ฉ | LB
75%
Nelson Pierre 42 | ๐Ÿ‡ญ๐Ÿ‡น | ST
75%
Nikola Djordjevic 41 | ๐Ÿ‡บ๐Ÿ‡ธ | RB
75%
Ralph Priso 6 | ๐Ÿ‡จ๐Ÿ‡ฆ | CDM
75%
Ranko Veselinovic 4 | ๐Ÿ‡ท๐Ÿ‡ธ | CB
75%
Sam Adekugbe 3 | ๐Ÿ‡จ๐Ÿ‡ฆ | LB
75%
Sebastian Berhalter 16 | ๐Ÿ‡บ๐Ÿ‡ธ | CDM
75%
Sebastian Schonlau 15 | ๐Ÿ‡ฉ๐Ÿ‡ช | CB
75%
Tate Johnson 28 | ๐Ÿ‡บ๐Ÿ‡ธ | LB
75%
Rayan Elloumi 75 | ๐Ÿ‡จ๐Ÿ‡ฆ | ST
50%
Cyprian Kachwele 55 | ๐Ÿ‡น๐Ÿ‡ฟ | ST
25%
Daniel Ittycheria ๐Ÿ‡บ๐Ÿ‡ธ | ST
0%
Johnny Selemani 63 | ๐Ÿ‡จ๐Ÿ‡ฆ | LW
0%
Ricardo Clark WFC2 Coach | ๐Ÿ‡บ๐Ÿ‡ธ
0%
Yuma Tsuji 68 | ๐Ÿ‡ฏ๐Ÿ‡ต | CM
0%
No matching quizzes found
Score Distribution
Percent of People with Each Score
Percentile by Number Answered
Your Score History
You have not taken this quiz since the last reset